[Event "Nikaia op 24th"]
[Site "Nikaia"]
[Date "2016.08.25"]
[Round "1"]
[White "Papadopoulos, Nikolaos"]
[Black "Hatzistamatiou, Nikolaos"]
[Result "1-0"]
[WhiteElo "2233"]
[BlackElo "1727"]
[PlyCount "96"]
[EventDate "2016.08.25"]
[EventType "swiss"]
[EventRounds "9"]
[EventCountry "GRE"]
[SourceTitle "CBM 174 Extra"]
[Source "ChessBase"]
[SourceDate "2016.10.10"]
[SourceVersion "1"]
[SourceVersionDate "2016.10.10"]
[SourceQuality "1"]

1. d4 Nf6 2. c4 c5 3. Nf3 cxd4 4. Nxd4 Nc6 5. Nc3 g6 6. e4 Nxd4 7. Qxd4 d6 8. Bg5 Bg7 9. Be2 0-0 10. Qd2 Be6 11. 0-0 Rc8 12. b3 a6 13. Rac1 b5 14. cxb5 Rxc3 15. Qxc3 Nxe4 16. Qe3 Nxg5 17. Qxg5 Qa5 18. Rc2 Bf6 19. Qd2 Qxd2 20. Rxd2 axb5 21. Bxb5 Rc8 22. Bd3 Bc3 23. Rc2 d5 24. Rd1 d4 25. Kf1 Bd5 26. f3 e5 27. Rdc1 f5 28. Re2 Re8 29. Bc4 Bxc4 30. bxc4 Ba5 31. Rd1 Bc3 32. Rd3 Kf7 33. Rc2 Rb8 34. Ke2 Ba1 35. Rb3 Rd8 36. Kd3 Re8 37. Re2 Kf6 38. a4 Ra8 39. Ra2 Bc3 40. Rxc3 dxc3 41. Kxc3 Ke6 42. a5 Kd6 43. a6 e4 44. fxe4 fxe4 45. Kd4 e3 46. Kxe3 Kc5 47. a7 Kxc4 48. Kf4 Kd5 1-0

[Event "Ambelokipi op 156th"]
[Site "Athens"]
[Date "2015.12.16"]
[Round "6"]
[White "Kesoglou, Konstantinos"]
[Black "Hatzistamatiou, Nikolaos"]
[Result "1-0"]
[WhiteElo "1974"]
[BlackElo "1643"]
[PlyCount "75"]
[EventDate "2015.11.11"]
[EventType "swiss"]
[EventRounds "7"]
[EventCountry "GRE"]
[SourceTitle "EXT 2024"]
[Source "ChessBase"]
[SourceDate "2023.10.10"]
[SourceVersion "1"]
[SourceVersionDate "2023.10.10"]
[SourceQuality "1"]

1. d4 Nf6 2. c4 g6 3. Nc3 Bg7 4. e4 d6 5. Be2 0-0 6. Bg5 c6 7. Nf3 Na6 8. 0-0 Nc7 9. h3 Ne6 10. Be3 d5 11. cxd5 cxd5 12. e5 Ne4 13. Rc1 b6 14. Nd2 Bb7 15. Ndxe4 dxe4 16. Bc4 Nc7 17. Qc2 Rc8 18. Qb1 Nd5 19. Bxd5 Bxd5 20. Nxe4 f6 21. Rxc8 Qxc8 22. exf6 exf6 23. Nc3 Bc4 24. Rd1 Qd7 25. Qe4 f5 26. Qh4 Rd8 27. Bg5 Re8 28. Bf6 b5 29. Bxg7 Kxg7 30. d5 Be2 31. Qd4+ Kg8 32. Re1 Bc4 33. Rxe8+ Qxe8 34. b3 Qe1+ 35. Kh2 b4 36. d6 Be6 37. Nd5 Qe4 38. Nf6+ 1-0

[Event "Ambelokipi op 155th"]
[Site "Athens"]
[Date "2015.09.30"]
[Round "3"]
[White "Hatzistamatiou, Nikolaos"]
[Black "Dimitriou, Georgios"]
[Result "0-1"]
[WhiteElo "1643"]
[BlackElo "2127"]
[PlyCount "70"]
[EventDate "2015.09.16"]
[EventType "swiss"]
[EventRounds "7"]
[EventCountry "GRE"]
[SourceTitle "EXT 2024"]
[Source "ChessBase"]
[SourceDate "2023.10.10"]
[SourceVersion "1"]
[SourceVersionDate "2023.10.10"]
[SourceQuality "1"]

1. Nf3 Nf6 2. g3 g6 3. Bg2 Bg7 4. d3 0-0 5. 0-0 d6 6. e4 Nc6 7. c3 e5 8. Na3 Bg4 9. h3 Bd7 10. Nc2 Nh5 11. Ne3 Qc8 12. Kh2 a5 13. Nh4 Ne7 14. Nhf5 Nxf5 15. Nxf5 gxf5 16. Qxh5 fxe4 17. Bh6 f5 18. Qg5 Rf7 19. dxe4 f4 20. gxf4 exf4 21. Rg1 Kh8 22. Bxg7+ Rxg7 23. Qxf4 Qg8 24. Bh1 Qe6 25. Qe3 Rag8 26. Rxg7 Rxg7 27. Bg2 Qe5+ 28. f4 Qe6 29. b3 c5 30. c4 Qh6 31. Rf1 Bc6 32. Rf3 Qf6 33. Qc3 Qxc3 34. Rxc3 a4 35. Rd3 Rxg2+ 0-1